01401 2200385 4500001002100000005001500021035002000036007000300056008004100059040002200100082001200122084001400134100003000148245021200178300004200390700002800432700002900460700002700489700003600516700003000552700002100582700002500603700003500628700003100663850001200694651004200706264010900748336002100857337003000878338002300908990002200931990002000953990002000973990002200993INLIS00000000085147020230922110032 a0010-1019000197ta191007s2017 jkia g f ind d aYOPDYOGbinderda04223a320 a320 ANS k0 aAnshory TadjudinePenulis10aKompilasi forum grup diskusi 2017 /cAnshory Tadjudin, Anhar Gonggong, Aleksius Jemadu, Siswo Pramono, Gatot Abdullah Mansyur, Dedy Saiful Hadi, Sunarko, Yon Mahmudi, Fatchiah E. Kertamuda, Elizabeth Rukmini aiv, 159 halaman :bIlustrasi ;c24 cm0 aAnhar GonggongePenulis0 aAleksius JemaduePenulis0 aSiswo PramonoePenulis0 aGatot Abdullah MansyurePenulis0 aDedy Saiful HadiePenulis0 aSunarkoePenulis0 aYon MahmudiePenulis0 aFatchiah E. KertamudaePenulis0 aElizabeth RukminiePenulis aYOPDYOG 4aIndonesia--vPolitik dan Pemerintahan31aJakarta :bBadan Pengkajian dan Pengembangan Kebijakan Kementerian Luar Negeri Republik Indonesia,c2017 2rdacontentateks 2rdamediaatanpa perantara 2rdacarrieravolume aCB-D.11/2016-1883 a64260-PD/A.2019 a64260-PD/A.2019 aCB-D.11/2016-1883